viết kịch nghệ thuật

Na minha lista:
Detalhes bibliográficos
Autor principal: Song thương
Formato: Livro
Publicado em: Tp. Hồ Chí Minh Sân khấu 2006
Assuntos:
Tags: Adicionar Tag
Sem tags, seja o primeiro a adicionar uma tag!
Thư viện lưu trữ: Trung tâm Học liệu Lê Vũ Hùng, Trường Đại học Đồng Tháp
LEADER 00675pam a22002298a 4500
001 00034541
005 20180919100932.0
008 161005s2011 ||||||Viesd
020 # # |c 80000 
041 0 # |a Vie 
082 1 4 |a 791.43  |b V308K 
100 1 # |a Song thương 
245 1 0 |a viết kịch nghệ thuật  |c Hồ Ngọc 
260 # # |a Tp. Hồ Chí Minh  |b Sân khấu  |c 2006 
300 # # |a 600 tr.  |c 21 cm. 
653 # # |a Kịch bản 
653 # # |a Ngôn ngữ 
653 # # |a Truyền Hình 
653 # # |a Điện ảnh 
852 # # |j KD.0017703 
910 |d 05/10/2016 
980 # # |a Trung tâm Học liệu Lê Vũ Hùng, Trường Đại học Đồng Tháp